[Event "FIDE World Bl Team Pool D"]
[Site "Almaty"]
[Date "2024.08.05"]
[Round "6.6"]
[White "Ainakul, Mukhtar"]
[Black "Karepov, Ilya"]
[Result "1-0"]
[WhiteElo "1935"]
[BlackElo "1719"]
[PlyCount "49"]
[EventDate "2024.08.05"]
[EventType "team (blitz)"]
[EventRounds "7"]
[EventCountry "KAZ"]
[SourceTitle "CBM 221 Extra"]
[Source "ChessBase"]
[SourceDate "2024.09.30"]
[SourceVersion "1"]
[SourceVersionDate "2024.09.30"]
[SourceQuality "1"]
[WhiteTeam "Chessy"]
[BlackTeam "Future GM"]
[WhiteTeamCountry "FRA"]
[BlackTeamCountry "KAZ"]

1. d4 Nf6 2. c4 g6 3. Nc3 Bg7 4. e4 d6 5. Nf3 0-0 6. h3 e5 7. d5 a5 8. Be3 Na6 9. Be2 Nh5 10. Nh2 Nf4 11. Bf3 b6 12. g3 Nxh3 13. Bg2 h6 14. Ng4 Bxg4 15. Qxg4 Ng5 16. 0-0-0 Nc5 17. Kb1 Qd7 18. Qh4 Qd8 19. Qh2 Qf6 20. Rd2 h5 21. f4 exf4 22. gxf4 Nh7 23. Bd4 Qxf4 24. Qxf4 Bxd4 25. Rxd4 1-0

[Event "FIDE World Bl Team Pool D"]
[Site "Almaty"]
[Date "2024.08.05"]
[Round "3.24"]
[White "Balakirev, Nikolay"]
[Black "Karepov, Ilya"]
[Result "1-0"]
[WhiteElo "1885"]
[BlackElo "1719"]
[PlyCount "87"]
[EventDate "2024.08.05"]
[EventType "team (blitz)"]
[EventRounds "7"]
[EventCountry "KAZ"]
[SourceTitle "CBM 221 Extra"]
[Source "ChessBase"]
[SourceDate "2024.09.30"]
[SourceVersion "1"]
[SourceVersionDate "2024.09.30"]
[SourceQuality "1"]
[WhiteTeam "World Champ Higher School"]
[BlackTeam "Future GM"]
[BlackTeamCountry "KAZ"]

1. e4 c6 2. Nc3 d5 3. Nf3 dxe4 4. Nxe4 Nf6 5. Nxf6+ exf6 6. d4 Bd6 7. Bd3 Na6 8. Bxa6 bxa6 9. 0-0 0-0 10. h3 Rb8 11. c4 Bf5 12. b3 a5 13. Bb2 a4 14. Re1 Bb4 15. Re3 a3 16. Bc3 Bxc3 17. Rxc3 Re8 18. Qc1 Qa5 19. Re3 h6 20. Qe1 Qxe1+ 21. Raxe1 Rxe3 22. fxe3 a5 23. e4 Bg6 24. d5 c5 25. Nd2 a4 26. Kf2 Kf8 27. Rb1 axb3 28. axb3 Ke7 29. Ra1 Ra8 30. Nb1 Bxe4 31. Rxa3 Rb8 32. Nc3 Bc2 33. Nb5 Be4 34. Ra7+ Kf8 35. Nd6 Bg6 36. Rb7 Ra8 37. Rc7 Ra3 38. Rxc5 Rxb3 39. Rc7 Rd3 40. Nb7 Ke8 41. d6 Be4 42. Re7+ Kf8 43. Rd7 Bxb7 44. Rd8# 1-0

[Event "FIDE World Bl Team Pool D"]
[Site "Almaty"]
[Date "2024.08.05"]
[Round "5.12"]
[White "Kazhiakhmetova, Erkenaz"]
[Black "Karepov, Ilya"]
[Result "1-0"]
[WhiteElo "1602"]
[BlackElo "1719"]
[PlyCount "85"]
[EventDate "2024.08.05"]
[EventType "team (blitz)"]
[EventRounds "7"]
[EventCountry "KAZ"]
[SourceTitle "CBM 221 Extra"]
[Source "ChessBase"]
[SourceDate "2024.09.30"]
[SourceVersion "1"]
[SourceVersionDate "2024.09.30"]
[SourceQuality "1"]
[WhiteTeam "KRG Team"]
[BlackTeam "Future GM"]
[WhiteTeamCountry "KAZ"]
[BlackTeamCountry "KAZ"]

1. d4 Nf6 2. g3 g6 3. Bg2 Bg7 4. e4 d6 5. Nc3 0-0 6. Nge2 Nbd7 7. 0-0 Re8 8. h3 e5 9. Be3 a6 10. a4 c6 11. Kh2 Qc7 12. Qd2 exd4 13. Bxd4 Nc5 14. Bxc5 dxc5 15. Rab1 Be6 16. Qf4 Qe7 17. Qe3 Rad8 18. Nf4 Nd7 19. Nxe6 Qxe6 20. Rfd1 Bd4 21. Qe2 Ne5 22. f4 Nc4 23. Rd3 Bg7 24. Nd1 Rxd3 25. cxd3 Nb6 26. b3 Nd7 27. Ne3 Bd4 28. Nc4 h5 29. Qf3 b5 30. axb5 cxb5 31. Nd2 a5 32. f5 Qf6 33. Rf1 Ne5 34. Qe2 Qg5 35. Nf3 Nxf3+ 36. Rxf3 a4 37. bxa4 bxa4 38. Qa2 Ra8 39. fxg6 Qxg6 40. Rf5 a3 41. h4 Bb2 42. Rg5 Re8 43. Rxg6+ 1-0

[Event "FIDE World Bl Team Pool D"]
[Site "Almaty"]
[Date "2024.08.05"]
[Round "1.24"]
[White "Tazhimyrzaev, Elzar"]
[Black "Karepov, Ilya"]
[Result "0-1"]
[WhiteElo "1885"]
[BlackElo "1719"]
[PlyCount "31"]
[EventDate "2024.08.05"]
[EventType "team (blitz)"]
[EventRounds "7"]
[EventCountry "KAZ"]
[SourceTitle "CBM 221 Extra"]
[Source "ChessBase"]
[SourceDate "2024.09.30"]
[SourceVersion "1"]
[SourceVersionDate "2024.09.30"]
[SourceQuality "1"]
[WhiteTeam "Noval Group Kyrgyzstan"]
[BlackTeam "Future GM"]
[WhiteTeamCountry "KGZ"]
[BlackTeamCountry "KAZ"]

1. e4 c6 2. d4 d5 3. Nc3 dxe4 4. f3 e3 5. Bxe3 Nf6 6. Bd3 g6 7. Qd2 Bf5 8. Ne4 Nbd7 9. Ne2 Qc7 10. Bf4 Qb6 11. c3 Nd5 12. Bg3 h5 13. Bf2 Bh6 14. Qc2 0-0-0 15. N2g3 Be6 16. Nd2 0-1

[Event "FIDE World Rapid Team"]
[Site "Almaty"]
[Date "2024.08.04"]
[Round "9.22"]
[White "Karepov, Ilya"]
[Black "Agajanova, Meryem"]
[Result "0-1"]
[WhiteElo "1719"]
[BlackElo "2007"]
[PlyCount "96"]
[EventDate "2024.08.02"]
[EventType "team (rapid)"]
[EventRounds "12"]
[EventCountry "KAZ"]
[SourceTitle "CBM 221 Extra"]
[Source "ChessBase"]
[SourceDate "2024.09.30"]
[SourceVersion "1"]
[SourceVersionDate "2024.09.30"]
[SourceQuality "1"]
[WhiteTeam "Future GM"]
[BlackTeam "TKM Chess"]
[WhiteTeamCountry "KAZ"]
[BlackTeamCountry "TKM"]

1. d4 Nf6 2. Bf4 d5 3. e3 e6 4. Nf3 Bd6 5. Bd3 c5 6. c3 Qc7 7. Bg3 Nbd7 8. Nbd2 0-0 9. e4 dxe4 10. Nxe4 Nxe4 11. Bxe4 Nf6 12. Bc2 Rd8 13. Qe2 a6 14. Rd1 b5 15. 0-0 Bxg3 16. hxg3 Bb7 17. Rd2 b4 18. Rfd1 bxc3 19. bxc3 g6 20. Ne5 Qa5 21. Bb3 Ne4 22. Qf3 Nd6 23. Qf6 c4 24. Bxc4 Qc7 25. Bd3 Ne8 26. Qf4 Ng7 27. Nxg6 Qxc3 28. Ne5 f5 29. Bc4 Rac8 30. Qg5 Bd5 31. Bxd5 Rxd5 32. g4 fxg4 33. Qxg4 Rcd8 34. Nf3 h5 35. Qg6 Qa5 36. Ne5 Rxe5 37. dxe5 Rxd2 38. Rb1 Rd8 39. Qg5 Qc7 40. Rc1 Qd7 41. Rc3 Qd2 42. Re3 Rf8 43. Qh4 Qd1+ 44. Kh2 Qg4 45. Qe7 Rxf2 46. Rg3 Rf7 47. Qd8+ Rf8 48. Qe7 Qxg3+ 0-1

[Event "FIDE World Rapid Team"]
[Site "Almaty"]
[Date "2024.08.04"]
[Round "11.34"]
[White "Karepov, Ilya"]
[Black "Kalikhan, Abilmansur"]
[Result "0-1"]
[WhiteElo "1719"]
[BlackElo "1670"]
[PlyCount "92"]
[EventDate "2024.08.02"]
[EventType "team (rapid)"]
[EventRounds "12"]
[EventCountry "KAZ"]
[SourceTitle "CBM 221 Extra"]
[Source "ChessBase"]
[SourceDate "2024.09.30"]
[SourceVersion "1"]
[SourceVersionDate "2024.09.30"]
[SourceQuality "1"]
[WhiteTeam "Future GM"]
[BlackTeam "Abai Gambit Pioneers"]
[WhiteTeamCountry "KAZ"]
[BlackTeamCountry "KAZ"]

1. d4 Nf6 2. Bf4 d5 3. e3 c5 4. c3 Nc6 5. Bd3 Qb6 6. Qb3 c4 7. Qxb6 axb6 8. Bc2 b5 9. Na3 b4 10. Nb5 Kd8 11. a4 Bd7 12. Nf3 e6 13. Ng5 Be8 14. 0-0 h6 15. Nf3 Nh5 16. Bc7+ Kc8 17. Bb6 Be7 18. b3 Rf8 19. bxc4 dxc4 20. cxb4 Nxb4 21. Rac1 Nxc2 22. Rxc2 Rxa4 23. Nc7 Bc6 24. Ne5 Bd8 25. Bc5 Rg8 26. Nxe6 fxe6 27. Nxc4 Rxc4 28. Rxc4 Bb5 29. Rfc1 Bxc4 30. Rxc4 Kd7 31. Ra4 Bc7 32. e4 Nf6 33. f3 Rb8 34. Kf2 b5 35. Rb4 Ba5 36. Rb1 Ne8 37. Bf8 Bb6 38. Ke2 Bxd4 39. f4 e5 40. Rd1 Kc6 41. f5 b4 42. Kd3 b3 43. Kc4 Nd6+ 44. Bxd6 Kxd6 45. g4 b2 46. Rb1 Rc8+ 0-1

[Event "FIDE World Rapid Team"]
[Site "Almaty"]
[Date "2024.08.03"]
[Round "5.10"]
[White "Karepov, Ilya"]
[Black "Sadek, Sameh"]
[Result "0-1"]
[WhiteElo "1719"]
[BlackElo "2286"]
[PlyCount "64"]
[EventDate "2024.08.02"]
[EventType "team (rapid)"]
[EventRounds "12"]
[EventCountry "KAZ"]
[SourceTitle "CBM 221 Extra"]
[Source "ChessBase"]
[SourceDate "2024.09.30"]
[SourceVersion "1"]
[SourceVersionDate "2024.09.30"]
[SourceQuality "1"]
[WhiteTeam "Future GM"]
[BlackTeam "Egypt"]
[WhiteTeamCountry "KAZ"]
[BlackTeamCountry "EGY"]

1. d4 Nf6 2. Bf4 e6 3. e3 Bd6 4. Nf3 Bxf4 5. exf4 0-0 6. Bd3 b6 7. Nbd2 Bb7 8. Qe2 d6 9. 0-0-0 Nbd7 10. g4 Nd5 11. f5 Nf4 12. Qe3 Nxd3+ 13. Qxd3 exf5 14. gxf5 Re8 15. Rhg1 Qf6 16. Rg3 Re7 17. Rdg1 Rae8 18. b3 a6 19. h4 Nf8 20. h5 h6 21. Nh2 Re1+ 22. Kb2 Rxg1 23. Rxg1 Kh8 24. Ng4 Qg5 25. f6 gxf6 26. Rg3 Nh7 27. Nf3 Qf4 28. Qd2 Qxd2 29. Nxd2 Rg8 30. Nxh6 Rxg3 31. fxg3 Ng5 32. c4 Bc8 0-1